Statistiques concernant Kpop - Retrouve le nom du groupe #2

Cliquez ici pour prendre le quiz!

Statistiques générales

  • Ce quiz a été pris 389 fois
  • Le résultat moyen est 12 sur 20

Statistiques - réponses

FrançaisAnglais% Correct
Noir RoseBlackpink
97%
2h de l'après-midi2 P.M
94%
Dix-septSeventeen
91%
Après l'écoleAfter School
90%
Maman MeuhMamamoo
89%
Cinquante CinquanteFifty Fifty
88%
TrésorTreasure
83%
Arc-en-cielRainbow
72%
Le garçon d'à côtéBoy Next Door
65%
Balle CeriseCherry Bullet
63%
G.R.O.SB.I.G
61%
TempêteTempest
57%
Filles CourageusesBrave Girls
50%
SurlignerHighlight
48%
Fantôme NeufGhost9
36%
Un seul de...Only One Of
32%
Échec et matCheckmate
25%
Coup de fuséeRocket Punch
19%
Gène CroiséCross Gene
17%
Ville FolleMad Town
7%

Distribution des résultats

Percentile par nombre de réponses

% des personnes avec chaque résultat

Votre développement - résultats

Vous n’avez pas pris ce quiz